CARE AND REPAIR OF YEAR SMALL HOME APPLIANCES (Record no. 583329)
[ view plain ]
| 000 -LEADER | |
|---|---|
| fixed length control field | 00266nam a22001097a 4500 |
| 082 ## - DEWEY DECIMAL CLASSIFICATION NUMBER | |
| Classification number | 643.6 DAR'C |
| 100 ## - MAIN ENTRY--PERSONAL NAME | |
| Personal name | DARR, JACK |
| 9 (RLIN) | 41665 |
| 245 ## - TITLE STATEMENT | |
| Title | CARE AND REPAIR OF YEAR SMALL HOME APPLIANCES |
| 260 ## - PUBLICATION, DISTRIBUTION, ETC. | |
| Place of publication, distribution, etc. | INDIANA |
| Name of publisher, distributor, etc. | E.E PUBLISHERS |
| Date of publication, distribution, etc. | 1965 |
| 300 ## - PHYSICAL DESCRIPTION | |
| Extent | 96P |
| 942 ## - ADDED ENTRY ELEMENTS (KOHA) | |
| Koha item type | Book |
| Withdrawn status | Lost status | Damaged status | Not for loan | Permanent Location | Current Location | Shelving location | Date acquired | Total Checkouts | Full call number | Barcode | Date last seen | Price effective from | Koha item type |
|---|---|---|---|---|---|---|---|---|---|---|---|---|---|
| College of Electrical & Mechanical Engineering (CEME) | College of Electrical & Mechanical Engineering (CEME) | General Stacks | 06/14/2017 | 643.6 DAR'C | CEME-8393 | 06/28/2021 | 06/28/2021 | Book |
